000 00616nam a2200229 i 4500
001 C2-0297510
003 PPAK
005 20180728075722.0
008 090518s2006 ii |||| ||||| | tam d
040 _aPPAK
_beng
_cPPAK
_erda
082 0 4 _a158.1
_223
090 0 0 _a158.1
_bDEV
_dG
100 1 _aDevanathan, C.S.,
_eauthor
245 1 0 _aNeengalum 'number one' aagalam
264 1 _aChennai, India :
_bSri Inthu Publications ,
_c2006
300 _a128 pages ;
_c18 cm
336 _2rdacontent
_atext
337 _2rdamedia
_aunmediated
338 _2rdacarrier
_avolume
650 1 0 _aSuccess
942 _ddc
_cB
999 _c101880
_d101880